| 000 | 00380nam a22001337a 4500 | ||
|---|---|---|---|
| 999 |
_c528069 _d528069 |
||
| 003 | NUST | ||
| 038 | _aM.Ramzan | ||
| 082 |
_a625.794 _bAUT |
||
| 100 |
_aThe Automotive safety Foundation / _919602 |
||
| 245 |
_aTraffic control roadway elements / _c Automotive safety Foundation |
||
| 260 |
_aUSA _b Automotive safety Foundation _c1963 |
||
| 300 |
_a124 p, : _c25cm |
||
| 942 |
_2ddc _cBK |
||